| 000 | 00667nam a2200133Ia 4500 | ||
|---|---|---|---|
| 008 | 220620s9999||||xx |||||||||||||| ||und|| | ||
| 022 | _a16648714 | ||
| 100 | _aManuel Menendez-Gonzalez||Tania Alvarez Avellon | ||
| 245 | 0 | _aNeuropsychology and Neuropsychiatry of Neurodegenerative Disorders | |
| 546 | _aEnglish[eng] | ||
| 650 | _aParkinson Disease||Neuroimaging||Neuropsychological Tests||Neurodegenerative Diseases||Neuropsychiatry||graph theory||Neuropsychology||Mild Cognitive Impairment||Alzheimer Disease||Emotions | ||
| 856 | _uhttp://journal.frontiersin.org/researchtopic/2592/neuropsychology-and-neuropsychiatry-of-neurodegenerative-disorders | ||
| 942 | _cEB | ||
| 999 |
_c23443 _d23443 |
||